[Event "Baltic Sea Cup"]
[Site "Ronne"]
[Date "2007.08.05"]
[Round "9.20"]
[White "Coleman, Teddy"]
[Black "Salama, Omar"]
[Result "1-0"]
[WhiteElo "2239"]
[BlackElo "2173"]
[PlyCount "71"]
[EventDate "2007.??.??"]
[EventType "swiss"]
[EventRounds "9"]
[EventCountry "DEN"]
[SourceDate "2005.12.01"]
[WhiteTeam "Denmark"]
[BlackTeam "Denmark"]
[WhiteTeamCountry "DEN"]
[BlackTeamCountry "DEN"]

1. d4 Nf6 2. c4 c5 3. d5 b5 4. cxb5 a6 5. e3 d6 6. Nc3 g6 7. Nf3 Bg7 8. a4 O-O
9. e4 Bb7 10. Bd2 e6 11. dxe6 fxe6 12. Bd3 d5 13. bxa6 Nxa6 14. exd5 exd5 15.
O-O Nb4 16. Be2 Kh8 17. Nb5 Nc6 18. Qc1 Re8 19. Re1 Ne4 20. Bf4 Rc8 21. Ng5 Qf6
22. Nxe4 Rxe4 23. Bh6 Nd4 24. Bxg7+ Kxg7 25. Nxd4 Rxd4 26. Bf3 Rb4 27. Re2 Ba6
28. Rc2 Bc4 29. Be2 Bxe2 30. Rxe2 c4 31. a5 d4 32. Qe1 c3 33. bxc3 dxc3 34. a6
c2 35. a7 Qxa1 36. Qxa1+ 1-0

[Event "Baltic Sea Cup"]
[Site "Ronne"]
[Date "2007.08.05"]
[Round "9.21"]
[White "Stovring, Claus"]
[Black "Moller, Morten Kock"]
[Result "0-1"]
[WhiteElo "2089"]
[BlackElo "2178"]
[PlyCount "128"]
[EventDate "2007.??.??"]
[EventType "swiss"]
[EventRounds "9"]
[EventCountry "DEN"]
[SourceDate "2005.12.01"]
[WhiteTeam "Denmark"]
[BlackTeam "Denmark"]
[WhiteTeamCountry "DEN"]
[BlackTeamCountry "DEN"]

1. e4 e5 2. Nf3 Nc6 3. Bc4 Nf6 4. d3 d5 5. exd5 Nxd5 6. O-O Bc5 7. Re1 O-O 8.
Bg5 f6 9. Be3 Bxe3 10. Rxe3 Kh8 11. Bxd5 Qxd5 12. Nc3 Qf7 13. h3 Be6 14. Ne4
Rad8 15. a3 Ne7 16. Qd2 Nd5 17. Ree1 Nf4 18. Kh2 Qg6 19. Ng3 Bd5 20. Qe3 c5 21.
Rg1 b6 22. Nh4 Qf7 23. Ne4 Qh5 24. Nf3 Ne6 25. Ng3 Qf7 26. Ne4 Qc7 27. g3 Qb7
28. Ned2 Rc8 29. c3 Rfd8 30. a4 Bc6 31. Ne1 Qd7 32. a5 Ng5 33. g4 Ne6 34. axb6
axb6 35. Nc4 Qc7 36. Rg3 Nf4 37. Nd2 Bb7 38. Ne4 Qc6 39. f3 Qb5 40. Ra7 Bxe4
41. Qxe4 Qxb2+ 42. Ng2 Rxd3 43. Ra8 Rdd8 44. Rxc8 Rxc8 45. g5 fxg5 46. Rxg5 Ng6
47. Rh5 Nf8 48. Qb7 Rd8 49. Qe7 Qd2 50. Rxe5 Qd6 51. Nf4 Qxe7 52. Rxe7 Kg8 53.
Rb7 Rd6 54. Kg3 Nd7 55. Kg4 Kf7 56. Kf5 Ke8 57. Ke4 Kd8 58. Ra7 Kc8 59. Nd5 Kb8
60. Ra1 Kb7 61. Rg1 g6 62. c4 Re6+ 63. Kf4 Ne5 64. Ne3 Nd3+ 0-1

[Event "Baltic Sea Cup"]
[Site "Ronne"]
[Date "2007.08.05"]
[Round "9.23"]
[White "Baekgaard, Martin"]
[Black "Andersen, Lars Ren"]
[Result "1/2-1/2"]
[WhiteElo "2272"]
[BlackElo "2081"]
[PlyCount "58"]
[EventDate "2007.??.??"]
[EventType "swiss"]
[EventRounds "9"]
[EventCountry "DEN"]
[SourceDate "2005.12.01"]
[WhiteTeam "Denmark"]
[BlackTeam "Denmark"]
[WhiteTeamCountry "DEN"]
[BlackTeamCountry "DEN"]

1. c4 c6 2. g3 d5 3. Nf3 dxc4 4. Bg2 b5 5. b3 cxb3 6. Qxb3 e6 7. Bb2 Nf6 8. Ne5
Bb7 9. Nc3 Qb6 10. O-O Be7 11. a4 b4 12. a5 Qc7 13. Ne4 O-O 14. Qf3 Na6 15.
Rfc1 Rac8 16. Rc4 Nxe4 17. Qxe4 f5 18. Qf3 Bf6 19. d4 Ba8 20. Nd3 c5 21. Qe3
Bd5 22. Rcc1 cxd4 23. Bxd4 Bxd4 24. Qxd4 Qb7 25. Bxd5 exd5 26. Nf4 b3 27. Rcb1
Rc4 28. Qe5 Re4 29. Qc3 Rb8 1/2-1/2

[Event "Baltic Sea Cup"]
[Site "Ronne"]
[Date "2007.08.05"]
[Round "9.24"]
[White "Maas, Thomas"]
[Black "Palm, Nicolaj Lars"]
[Result "1/2-1/2"]
[WhiteElo "2071"]
[BlackElo "2308"]
[PlyCount "161"]
[EventDate "2007.??.??"]
[EventType "swiss"]
[EventRounds "9"]
[EventCountry "DEN"]
[SourceDate "2005.12.01"]
[WhiteTeam "Denmark"]
[BlackTeam "Denmark"]
[WhiteTeamCountry "DEN"]
[BlackTeamCountry "DEN"]

1. e4 e5 2. Nf3 Nc6 3. Bb5 a6 4. Ba4 Nf6 5. O-O Be7 6. Re1 b5 7. Bb3 d6 8. c3
O-O 9. h3 Na5 10. Bc2 c5 11. d4 Qc7 12. Nbd2 Re8 13. Nf1 Bb7 14. d5 g6 15. b3
Bf8 16. g4 Bg7 17. Ng3 Bc8 18. g5 Nd7 19. Kg2 Nb7 20. Be3 Nd8 21. Rh1 a5 22. a3
Nf8 23. Nh2 f6 24. h4 fxg5 25. hxg5 Nf7 26. Qd2 Bd7 27. Bd3 Reb8 28. Be2 Qc8
29. Nf3 Rb7 30. Rhc1 Qd8 31. Nh2 Qc8 32. Nf3 Bh3+ 33. Kh2 Bg4 34. Kg2 Nd7 35.
Nh2 Bxe2 36. Qxe2 Bf8 37. Qd2 Be7 38. Nf3 Bd8 39. Nh2 c4 40. b4 Bb6 41. Nhf1
Bxe3 42. Nxe3 Qd8 43. Ng4 Qxg5 44. Qxg5 Nxg5 45. f3 axb4 46. axb4 Rba7 47. Rxa7
Rxa7 48. Rc2 Kg7 49. Ne2 Ra1 50. Ne3 h5 51. Rc1 Ra3 52. Rc2 Kf6 53. Rb2 Nb6 54.
Nc2 Ra4 55. Nc1 Nh7 56. Ra2 Rxa2 57. Nxa2 Na8 58. Nc1 Kg5 59. Ne2 Nf6 60. Kh3
Nc7 61. Ne3 Nd7 62. Kg3 Nb6 63. Ng1 Na4 64. Nh3+ Kf6 65. Nd1 g5 66. Ng1 Ne8 67.
Ne2 Ng7 68. Kh3 Nb6 69. Ne3 h4 70. Kg4 Kg6 71. Kh3 Nh5 72. Nf5 Nc8 73. Kg4 Nf6+
74. Kh3 Nd7 75. Kg4 Ndb6 76. Ne3 Ne7 77. Nd1 Nd7 78. Nf2 Nf6+ 79. Kh3 Ne8 80.
Ng4 Nf6 81. Ne3 1/2-1/2

[Event "Baltic Sea Cup"]
[Site "Ronne"]
[Date "2007.08.05"]
[Round "9.25"]
[White "Hansen, Lars Henrik Bech"]
[Black "Kasparova, Tatiana"]
[Result "1/2-1/2"]
[WhiteElo "2070"]
[BlackElo "2217"]
[PlyCount "49"]
[EventDate "2007.??.??"]
[EventType "swiss"]
[EventRounds "9"]
[EventCountry "DEN"]
[SourceDate "2005.12.01"]
[WhiteTeam "Denmark"]
[BlackTeam "Denmark"]
[WhiteTeamCountry "DEN"]
[BlackTeamCountry "DEN"]

1. e4 c6 2. d4 d5 3. Nc3 dxe4 4. Nxe4 Bf5 5. Ng3 Bg6 6. h4 h6 7. N1e2 Nd7 8.
Nf4 Bh7 9. Bc4 Ngf6 10. Bd2 Nb6 11. Ba5 Qd6 12. Bxb6 axb6 13. Qd2 e6 14. O-O-O
Be7 15. Rhe1 O-O-O 16. h5 Nd5 17. Nh3 Rhe8 18. Kb1 Qb4 19. Qxb4 Bxb4 20. Re2 c5
21. a3 Ba5 22. Bxd5 Rxd5 23. Nf4 Rdd8 24. Kc1 c4 25. Re5 1/2-1/2

[Event "Baltic Sea Cup"]
[Site "Ronne"]
[Date "2007.08.05"]
[Round "9.28"]
[White "Tallaksen, Levi Andre"]
[Black "Pedersen, Martin Rosenkilde"]
[Result "1/2-1/2"]
[WhiteElo "2037"]
[BlackElo "2163"]
[PlyCount "32"]
[EventDate "2007.??.??"]
[EventType "swiss"]
[EventRounds "9"]
[EventCountry "DEN"]
[SourceDate "2005.12.01"]
[WhiteTeam "Denmark"]
[BlackTeam "Denmark"]
[WhiteTeamCountry "DEN"]
[BlackTeamCountry "DEN"]

1. d4 Nf6 2. Nf3 e6 3. c4 b6 4. a3 Ba6 5. Qc2 Bb7 6. Nbd2 d5 7. e3 Be7 8. Be2
c5 9. O-O O-O 10. Rd1 Qc7 11. cxd5 exd5 12. b3 Nc6 13. Bb2 Rac8 14. Rac1 Rfd8
15. dxc5 bxc5 16. b4 cxb4 1/2-1/2

[Event "Baltic Sea Cup"]
[Site "Ronne"]
[Date "2007.08.05"]
[Round "9.30"]
[White "Berg, Peter"]
[Black "Holm, Ragnar"]
[Result "1/2-1/2"]
[WhiteElo "1966"]
[BlackElo "2153"]
[PlyCount "41"]
[EventDate "2007.??.??"]
[EventType "swiss"]
[EventRounds "9"]
[EventCountry "DEN"]
[SourceDate "2005.12.01"]
[WhiteTeam "Denmark"]
[BlackTeam "Denmark"]
[WhiteTeamCountry "DEN"]
[BlackTeamCountry "DEN"]

1. d4 d5 2. Nf3 Nf6 3. e3 c5 4. b3 Nc6 5. Bd3 cxd4 6. exd4 Bg4 7. Bb2 e6 8. O-O
Be7 9. Nbd2 O-O 10. a3 Rc8 11. Qe1 Nh5 12. Qe3 Bd6 13. Ne5 Nxe5 14. dxe5 Bc5
15. Bd4 Bxd4 16. Qxd4 Bf5 17. Bxf5 exf5 18. Rac1 Qe7 19. a4 b6 20. Nf3 Rfd8 21.
Rfd1 1/2-1/2

[Event "Baltic Sea Cup"]
[Site "Ronne"]
[Date "2007.08.05"]
[Round "9.31"]
[White "Radil, Casper"]
[Black "Andersen, Daniel"]
[Result "1-0"]
[WhiteElo "2107"]
[BlackElo "1997"]
[PlyCount "53"]
[EventDate "2007.??.??"]
[EventType "swiss"]
[EventRounds "9"]
[EventCountry "DEN"]
[SourceDate "2005.12.01"]
[WhiteTeam "Denmark"]
[BlackTeam "Denmark"]
[WhiteTeamCountry "DEN"]
[BlackTeamCountry "DEN"]

1. e4 e6 2. d4 d5 3. e5 c5 4. c3 Nc6 5. Nf3 Qb6 6. a3 a5 7. b3 cxd4 8. cxd4
Nge7 9. Bb2 Bd7 10. Bd3 Nf5 11. Bxf5 exf5 12. Nc3 Be6 13. O-O a4 14. b4 Qa7 15.
Qd3 Be7 16. Qb5 O-O 17. Nxd5 Bxd5 18. Qxd5 Rfd8 19. Qb5 Qa6 20. Qxa6 bxa6 21.
Rac1 Rac8 22. Rfd1 f6 23. e6 Rd6 24. Kf1 g5 25. Rc5 Rcd8 26. d5 Rxe6 27. Rdc1
1-0

[Event "Baltic Sea Cup"]
[Site "Ronne"]
[Date "2007.08.05"]
[Round "9.32"]
[White "Nielsen, Rasmus Lundberg"]
[Black "Hirneise, Jens"]
[Result "0-1"]
[WhiteElo "1795"]
[BlackElo "2090"]
[PlyCount "60"]
[EventDate "2007.??.??"]
[EventType "swiss"]
[EventRounds "9"]
[EventCountry "DEN"]
[SourceDate "2005.12.01"]
[WhiteTeam "Denmark"]
[BlackTeam "Denmark"]
[WhiteTeamCountry "DEN"]
[BlackTeamCountry "DEN"]

1. d4 Nf6 2. c4 g6 3. g3 Bg7 4. Bg2 d6 5. Nf3 O-O 6. O-O Nc6 7. h3 a6 8. Nc3
Rb8 9. a4 Na5 10. Qd3 c5 11. d5 e5 12. Bg5 h6 13. Bxf6 Bxf6 14. Nd2 Bg7 15. e4
f5 16. Rab1 f4 17. b4 cxb4 18. Rxb4 Qc7 19. Kh2 Qc5 20. Na2 Bd7 21. g4 b5 22.
cxb5 axb5 23. Rc1 Qxf2 24. Rc7 Nb7 25. Rxd7 Nc5 26. Rxg7+ Kxg7 27. Qc3 f3 28.
Nxf3 Qxa2 29. Rxb5 Rxb5 30. axb5 Nxe4 0-1

[Event "Baltic Sea Cup"]
[Site "Ronne"]
[Date "2007.08.05"]
[Round "9.33"]
[White "Skjoldager, Nicklas"]
[Black "Rasmussen, Morten"]
[Result "0-1"]
[WhiteElo "2077"]
[BlackElo "1979"]
[PlyCount "66"]
[EventDate "2007.??.??"]
[EventType "swiss"]
[EventRounds "9"]
[EventCountry "DEN"]
[SourceDate "2005.12.01"]
[WhiteTeam "Denmark"]
[BlackTeam "Denmark"]
[WhiteTeamCountry "DEN"]
[BlackTeamCountry "DEN"]

1. f4 d5 2. Nf3 Nf6 3. e3 Bg4 4. h3 Bxf3 5. Qxf3 e6 6. g4 c5 7. b3 Ne4 8. Bb5+
Nc6 9. g5 g6 10. Bb2 Rg8 11. a4 Qa5 12. Nc3 Bg7 13. Nxe4 dxe4 14. Qxe4 Bxb2 15.
Bxc6+ bxc6 16. Qxc6+ Ke7 17. Qb7+ Kd6 18. Rb1 Bh8 19. e4 Qc7 20. e5+ Kd7 21.
Qg2 Qc6 22. Qf1 Bg7 23. h4 h5 24. Rh3 Rgc8 25. Kd1 Rab8 26. Rd3+ Ke8 27. c4
Qxa4 28. Kc2 Qc6 29. Ra1 Qb7 30. Ra3 Rd8 31. Rxd8+ Rxd8 32. d3 Rd4 33. Kc3 Qb4+
0-1

[Event "Baltic Sea Cup"]
[Site "Ronne"]
[Date "2007.08.05"]
[Round "9.34"]
[White "Andersen, Rune"]
[Black "Nilsen, Joachim Birger"]
[Result "1/2-1/2"]
[WhiteElo "2076"]
[BlackElo "1958"]
[PlyCount "150"]
[EventDate "2007.??.??"]
[EventType "swiss"]
[EventRounds "9"]
[EventCountry "DEN"]
[SourceDate "2005.12.01"]
[WhiteTeam "Denmark"]
[BlackTeam "Denmark"]
[WhiteTeamCountry "DEN"]
[BlackTeamCountry "DEN"]

1. d4 Nf6 2. c4 Nc6 3. Nf3 e6 4. a3 d6 5. Nc3 g6 6. Bg5 Bg7 7. Ne4 h6 8. Bxf6
Bxf6 9. Nxf6+ Qxf6 10. e3 O-O 11. Be2 e5 12. d5 Nb8 13. Nd2 a5 14. O-O a4 15.
Ne4 Qe7 16. Nc3 Bd7 17. e4 Qe8 18. Bd3 Na6 19. Bc2 Nc5 20. Qd2 Kg7 21. Rae1 Qe7
22. f4 f6 23. f5 g5 24. Re3 Rh8 25. h4 Kf8 26. Qe2 Qg7 27. Rg3 Kf7 28. Kf2 Rag8
29. Bd1 h5 30. hxg5 fxg5 31. Ke1 Kf6 32. Rh3 h4 33. Rfh1 Be8 34. Qe3 Rh7 35. g3
Rgh8 36. Rg1 hxg3 37. Rhxg3 Rg8 38. Nb1 b5 39. Nd2 Rh4 40. Bc2 Bh5 41. cxb5 Rh2
42. Bd1 Bxd1 43. Kxd1 Qh6 44. Kc1 Qh5 45. Nf3 Rh1 46. Kc2 Rxg1 47. Rxg1 g4 48.
Rg2 g3 49. Nd2 Qh4 50. Qf3 Rg4 51. Rg1 Nxe4 52. Rh1 Nxd2 53. Kxd2 Rd4+ 54. Ke2
Qg4 55. Rh6+ Kf7 56. Qxg4 Rxg4 57. Kf1 g2+ 58. Kg1 Rc4 59. Kxg2 Rc5 60. b6 cxb6
61. Rxd6 Rc2+ 62. Kf3 Rxb2 63. Re6 b5 64. d6 Rd2 65. Ke4 b4 66. axb4 a3 67. d7
Rxd7 68. Ra6 Rb7 69. Kxe5 Rb5+ 70. Kf4 Rxb4+ 71. Kg5 Rb2 72. Rxa3 Rf2 73. Ra6
Kg7 74. f6+ Kg8 75. Kg6 Rg2+ 1/2-1/2

[Event "Baltic Sea Cup"]
[Site "Ronne"]
[Date "2007.08.05"]
[Round "9.35"]
[White "Lillelokken, Kjell Arne"]
[Black "Frisk, Hans"]
[Result "1-0"]
[WhiteElo "1898"]
[BlackElo "2028"]
[PlyCount "41"]
[EventDate "2007.??.??"]
[EventType "swiss"]
[EventRounds "9"]
[EventCountry "DEN"]
[SourceDate "2005.12.01"]
[WhiteTeam "Denmark"]
[BlackTeam "Denmark"]
[WhiteTeamCountry "DEN"]
[BlackTeamCountry "DEN"]

1. f4 e5 2. fxe5 d6 3. exd6 Bxd6 4. Nf3 Nc6 5. e4 Bg4 6. Bb5 Qe7 7. Bxc6+ bxc6
8. d3 O-O-O 9. Nc3 f5 10. Bg5 Nf6 11. Qe2 Rhe8 12. O-O-O h6 13. Bd2 Nd7 14.
Rhe1 Nc5 15. e5 Qf7 16. d4 Nb7 17. Qa6 Bb4 18. Qxa7 Na5 19. a3 Bxc3 20. Bxc3
Nc4 21. e6 1-0

[Event "Baltic Sea Cup"]
[Site "Ronne"]
[Date "2007.08.05"]
[Round "9.36"]
[White "Petersen, Steen Brustrup"]
[Black "Knudsen, Jes West"]
[Result "1/2-1/2"]
[WhiteElo "2165"]
[BlackElo "1990"]
[PlyCount "53"]
[EventDate "2007.??.??"]
[EventType "swiss"]
[EventRounds "9"]
[EventCountry "DEN"]
[SourceDate "2005.12.01"]
[WhiteTeam "Denmark"]
[BlackTeam "Denmark"]
[WhiteTeamCountry "DEN"]
[BlackTeamCountry "DEN"]

1. d4 f5 2. Bg5 g6 3. Nc3 Bg7 4. e4 fxe4 5. Nxe4 d5 6. Ng3 Nc6 7. c3 Qd6 8. Nf3
h6 9. Be3 Bg4 10. Bd3 e5 11. dxe5 Nxe5 12. Nxe5 Bxd1 13. Bxg6+ Kf8 14. Bc5 Bxe5
15. Bxd6+ Bxd6 16. Rxd1 Ne7 17. Bh5 Rg8 18. O-O Rd8 19. Rd3 Kg7 20. Re1 Rgf8
21. Bf3 c6 22. Re6 Ng8 23. c4 Bxg3 24. hxg3 dxc4 25. Ra3 a6 26. Re4 Rd2 27.
Rxc4 1/2-1/2

[Event "Baltic Sea Cup"]
[Site "Ronne"]
[Date "2007.08.05"]
[Round "9.37"]
[White "Hoffmann, Steffen"]
[Black "Boje, Tobias Rosholm"]
[Result "1/2-1/2"]
[WhiteElo "2076"]
[BlackElo "1931"]
[PlyCount "112"]
[EventDate "2007.??.??"]
[EventType "swiss"]
[EventRounds "9"]
[EventCountry "DEN"]
[SourceDate "2005.12.01"]
[WhiteTeam "Denmark"]
[BlackTeam "Denmark"]
[WhiteTeamCountry "DEN"]
[BlackTeamCountry "DEN"]

1. d4 d5 2. Nf3 Nf6 3. g3 e6 4. c4 c5 5. Bg2 dxc4 6. O-O Nc6 7. Ne5 Bd7 8. Na3
Be7 9. Naxc4 O-O 10. dxc5 Bxc5 11. Bg5 Nxe5 12. Nxe5 Bc6 13. Nxc6 bxc6 14. Qxd8
Rfxd8 15. Bxc6 Rac8 16. Bf3 Bd4 17. Rab1 h6 18. Bxf6 Bxf6 19. b4 Rc2 20. a4 Rc4
21. Rfc1 Rdc8 22. Rxc4 Rxc4 23. a5 Bc3 24. Rc1 Rc7 25. e3 Kf8 26. a6 Ke7 27. b5
Ba5 28. Bc6 Bb6 29. Rd1 g6 30. g4 Bc5 31. h4 Bb6 32. Kg2 Kf6 33. Kg3 Re7 34.
Rd3 Rc7 35. f4 Ke7 36. Kf3 f6 37. g5 fxg5 38. fxg5 hxg5 39. hxg5 Bc5 40. Ke4
Bd6 41. Rd1 Rc8 42. Rh1 Rc7 43. Rh6 Kf7 44. Kd4 Kg7 45. Be4 Rc5 46. Rxg6+ Kf7
47. Rf6+ Ke7 48. Bc6 Rxg5 49. Rf3 Rg3 50. Rxg3 Bxg3 51. b6 Bb8 52. b7 Kd6 53.
Bf3 Kd7 54. Kc5 Bc7 55. Kd4 Bb8 56. Ke4 Bc7 1/2-1/2

[Event "Baltic Sea Cup"]
[Site "Ronne"]
[Date "2007.08.05"]
[Round "9.38"]
[White "Grand, Hans Henrik"]
[Black "Pieri, Enzo"]
[Result "1-0"]
[WhiteElo "2076"]
[BlackElo "1909"]
[PlyCount "67"]
[EventDate "2007.??.??"]
[EventType "swiss"]
[EventRounds "9"]
[EventCountry "DEN"]
[SourceDate "2005.12.01"]
[WhiteTeam "Denmark"]
[BlackTeam "Denmark"]
[WhiteTeamCountry "DEN"]
[BlackTeamCountry "DEN"]

1. c4 c5 2. g3 g6 3. Bg2 Bg7 4. Nc3 Nc6 5. a3 a6 6. Rb1 Nf6 7. b4 cxb4 8. axb4
O-O 9. b5 Na5 10. bxa6 Rxa6 11. d3 Rb6 12. Bd2 d6 13. Nf3 Nd7 14. O-O Nc5 15.
Nb5 Ra6 16. Qc2 e5 17. d4 Bf5 18. Bxa5 Rxa5 19. Qc3 exd4 20. Nfxd4 Bxb1 21.
Rxb1 Ra2 22. e3 Qe7 23. Rf1 Rfa8 24. Bd5 h5 25. h4 Ne4 26. Qd3 Nc5 27. Qxg6 Qf6
28. Qxh5 Nd3 29. Nf5 Ra1 30. Nbxd6 Rxf1+ 31. Kxf1 Ra2 32. Ne4 Qa1+ 33. Kg2 Nxf2
34. Qxf7+ 1-0

[Event "Baltic Sea Cup"]
[Site "Ronne"]
[Date "2007.08.05"]
[Round "9.39"]
[White "Borup, Mads"]
[Black "Johansen, Johnny Holler"]
[Result "1/2-1/2"]
[WhiteElo "1996"]
[BlackElo "2058"]
[PlyCount "95"]
[EventDate "2007.??.??"]
[EventType "swiss"]
[EventRounds "9"]
[EventCountry "DEN"]
[SourceDate "2005.12.01"]
[WhiteTeam "Denmark"]
[BlackTeam "Denmark"]
[WhiteTeamCountry "DEN"]
[BlackTeamCountry "DEN"]

1. d4 Nf6 2. Nf3 g6 3. c4 d5 4. cxd5 Nxd5 5. e4 Nb6 6. Nc3 Bg7 7. Be3 O-O 8.
Be2 Bg4 9. a4 a5 10. Rc1 Na6 11. Bxa6 Rxa6 12. b3 Nd7 13. h3 Bxf3 14. Qxf3 c5
15. dxc5 Ne5 16. Qd1 Nd3+ 17. Ke2 Nxc1+ 18. Qxc1 e6 19. Nb5 Rc6 20. Bf4 Qh4 21.
Kf3 f5 22. e5 g5 23. Bxg5 Qe4+ 24. Kg3 Bxe5+ 25. f4 Bg7 26. Re1 Qd5 27. Qe3 Re8
28. Qe2 Rxc5 29. Rd1 Qxb3+ 30. Rd3 Qc2 31. Rd2 Qc4 32. Qh5 Rec8 33. Rd7 e5 34.
Rxg7+ Kxg7 35. Qh6+ Kg8 36. fxe5 Rxb5 37. axb5 Qc3+ 38. Kf4 Rc4+ 39. Kxf5 Qd3+
40. Ke6 Qg6+ 41. Qxg6+ hxg6 42. Be7 Rc2 43. Kd7 Rxg2 44. e6 Re2 45. b6 a4 46.
Bd6 Re3 47. h4 Re2 48. Bc5 1/2-1/2

[Event "Baltic Sea Cup"]
[Site "Ronne"]
[Date "2007.08.05"]
[Round "9.40"]
[White "Glibstrup, Jakob"]
[Black "Kristiansen, Orla"]
[Result "1-0"]
[WhiteElo "1939"]
[BlackElo "1842"]
[PlyCount "61"]
[EventDate "2007.??.??"]
[EventType "swiss"]
[EventRounds "9"]
[EventCountry "DEN"]
[SourceDate "2005.12.01"]
[WhiteTeam "Denmark"]
[BlackTeam "Denmark"]
[WhiteTeamCountry "DEN"]
[BlackTeamCountry "DEN"]

1. e4 e6 2. d4 d5 3. Nc3 Bb4 4. e5 c5 5. a3 Ba5 6. Qg4 Ne7 7. Nf3 cxd4 8. Nxd4
Ng6 9. f4 a6 10. Bd2 Bd7 11. Bd3 Nc6 12. Nb3 Bb6 13. h4 h5 14. Qh3 Nge7 15. g4
hxg4 16. Qxg4 g6 17. O-O-O Qc7 18. h5 gxh5 19. Rxh5 Rg8 20. Rg5 O-O-O 21. Bh7
Rxg5 22. Qxg5 Be8 23. Na4 Ba7 24. Nac5 Nd4 25. Nxd4 Bxc5 26. Nb3 Bb6 27. Bb4
Be3+ 28. Kb1 Nc6 29. Bd6 Qb6 30. Qf6 Nd4 31. Bc5 1-0

[Event "Baltic Sea Cup"]
[Site "Ronne"]
[Date "2007.08.05"]
[Round "9.41"]
[White "Hindenes, Andreas Kvinge"]
[Black "Ochsner, Bjorn Moller"]
[Result "0-1"]
[WhiteElo "1664"]
[BlackElo "1841"]
[PlyCount "92"]
[EventDate "2007.??.??"]
[EventType "swiss"]
[EventRounds "9"]
[EventCountry "DEN"]
[SourceDate "2005.12.01"]
[WhiteTeam "Denmark"]
[BlackTeam "Denmark"]
[WhiteTeamCountry "DEN"]
[BlackTeamCountry "DEN"]

1. Nf3 Nf6 2. c4 g6 3. g3 Bg7 4. Bg2 O-O 5. O-O d6 6. d4 Nbd7 7. Nc3 e5 8. d5
a5 9. e4 Nc5 10. Qc2 Ne8 11. Be3 b6 12. a3 f5 13. b4 Nd7 14. Bg5 Nef6 15. exf5
gxf5 16. Nh4 f4 17. Be4 Qe8 18. Nb5 Qh5 19. Nxc7 Qxg5 20. Nxa8 Nxe4 21. Qxe4
Qd8 22. bxa5 bxa5 23. Qb1 Ba6 24. c5 Bxf1 25. Kxf1 Qxa8 26. c6 Qa6+ 27. Kg1 Nf6
28. Qf5 Qc8 29. Rd1 Kh8 30. Qe6 Qxe6 31. dxe6 Ne8 32. g4 Bf6 33. Nf5 Ng7 34.
Rxd6 Nxf5 35. gxf5 Rc8 36. Rd7 Rxc6 37. Ra7 Rc8 38. Rxa5 f3 39. h3 Bg5 40. Ra4
Bf4 41. Rxf4 exf4 42. f6 Kg8 43. h4 Kf8 44. Kh2 Re8 45. e7+ Kf7 46. Kh3 h5 0-1

[Event "Baltic Sea Cup"]
[Site "Ronne"]
[Date "2007.08.05"]
[Round "9.42"]
[White "Hornsgaard, Jens Boe"]
[Black "Jensen, Jan Kargaard"]
[Result "1-0"]
[WhiteElo "2052"]
[BlackElo "1894"]
[PlyCount "59"]
[EventDate "2007.??.??"]
[EventType "swiss"]
[EventRounds "9"]
[EventCountry "DEN"]
[SourceDate "2005.12.01"]
[WhiteTeam "Denmark"]
[BlackTeam "Denmark"]
[WhiteTeamCountry "DEN"]
[BlackTeamCountry "DEN"]

1. e4 c5 2. Nf3 d6 3. d4 cxd4 4. Nxd4 Nf6 5. Nc3 a6 6. Be2 e5 7. Nb3 Be6 8. O-O
Nbd7 9. f4 Qc7 10. Be3 Be7 11. a4 b6 12. Kh1 O-O 13. f5 Bc4 14. g4 h6 15. Qd2
Bxe2 16. Qxe2 Qb7 17. Qg2 Rfd8 18. h4 Nh7 19. g5 hxg5 20. hxg5 Nc5 21. Nxc5
dxc5 22. Nd5 g6 23. f6 Bd6 24. Rf3 Rab8 25. Rh3 Qd7 26. Qh2 Qg4 27. Rxh7 Qxe4+
28. Kg1 Qg4+ 29. Kf2 Qf5+ 30. Ke1 1-0

[Event "Baltic Sea Cup"]
[Site "Ronne"]
[Date "2007.08.05"]
[Round "9.43"]
[White "Simonsen, Per Barndorff"]
[Black "Palvig, David Kinch"]
[Result "1-0"]
[WhiteElo "2023"]
[BlackElo "1750"]
[PlyCount "53"]
[EventDate "2007.??.??"]
[EventType "swiss"]
[EventRounds "9"]
[EventCountry "DEN"]
[SourceDate "2005.12.01"]
[WhiteTeam "Denmark"]
[BlackTeam "Denmark"]
[WhiteTeamCountry "DEN"]
[BlackTeamCountry "DEN"]

1. d4 d5 2. c4 e6 3. Nc3 Nf6 4. Bg5 c6 5. Nf3 Nbd7 6. e3 Be7 7. Qc2 Qc7 8. Bd3
dxc4 9. Bxc4 e5 10. O-O-O b5 11. Bd3 b4 12. Ne4 exd4 13. exd4 h6 14. Bh4 O-O
15. Kb1 Re8 16. Rhe1 Nd5 17. Bg3 Qb6 18. Nd6 Rd8 19. Nc4 Qa6 20. Nce5 Qb6 21.
Nxc6 Re8 22. Nxe7+ Rxe7 23. Rxe7 Nxe7 24. Bc7 Qb7 25. Re1 Nd5 26. Re8+ Nf8 27.
Bh7+ 1-0

[Event "Baltic Sea Cup"]
[Site "Ronne"]
[Date "2007.08.05"]
[Round "9.44"]
[White "Dinesen, Erland"]
[Black "Grandadam, Nicolas"]
[Result "1/2-1/2"]
[WhiteElo "1586"]
[BlackElo "2022"]
[PlyCount "64"]
[EventDate "2007.??.??"]
[EventType "swiss"]
[EventRounds "9"]
[EventCountry "DEN"]
[SourceDate "2005.12.01"]
[WhiteTeam "Denmark"]
[BlackTeam "Denmark"]
[WhiteTeamCountry "DEN"]
[BlackTeamCountry "DEN"]

1. d4 d5 2. Nf3 e6 3. Bf4 Bd6 4. Bg3 Nf6 5. e3 b6 6. Bd3 Bb7 7. Nbd2 c5 8. c3
Qc7 9. Rc1 Nbd7 10. Bxd6 Qxd6 11. h3 O-O 12. O-O e5 13. dxe5 Nxe5 14. Nxe5 Qxe5
15. Nf3 Qe7 16. Re1 Rad8 17. Qe2 Rd6 18. Nh2 Nd7 19. f4 Nf6 20. Rcd1 Rfd8 21.
Bc2 Re8 22. Nf3 Ne4 23. Ba4 Red8 24. Ne5 f6 25. Ng4 a6 26. Bc2 Re6 27. Nf2 Nxf2
28. Qxf2 d4 29. Bb3 Bd5 30. exd4 Bxb3 31. axb3 cxd4 32. Rxe6 Qxe6 1/2-1/2

[Event "Baltic Sea Cup"]
[Site "Ronne"]
[Date "2007.08.05"]
[Round "9.45"]
[White "Olsen, Karsten Kierkegaard"]
[Black "Olsen, Lars Moller"]
[Result "0-1"]
[WhiteElo "1598"]
[BlackElo "1961"]
[PlyCount "68"]
[EventDate "2007.??.??"]
[EventType "swiss"]
[EventRounds "9"]
[EventCountry "DEN"]
[SourceDate "2005.12.01"]
[WhiteTeam "Denmark"]
[BlackTeam "Denmark"]
[WhiteTeamCountry "DEN"]
[BlackTeamCountry "DEN"]

1. e4 Nf6 2. Nc3 d5 3. exd5 Nxd5 4. Nxd5 Qxd5 5. c4 Qa5 6. Nf3 Bf5 7. Be2 c5 8.
O-O Nc6 9. a3 e6 10. d3 Be7 11. Bd2 Qc7 12. Bc3 Bf6 13. Bxf6 gxf6 14. Qa4 Rg8
15. d4 Bh3 16. g3 Bxf1 17. Bxf1 Qa5 18. Qc2 Nxd4 19. Nxd4 cxd4 20. Qxh7 Ke7 21.
b4 Qg5 22. Qe4 Rad8 23. Qxb7+ Rd7 24. Qa6 d3 25. Rd1 d2 26. Be2 Qe5 27. Kf1 Qe4
28. f3 Qe3 29. c5 Rh8 30. Kg2 Rd5 31. Bc4 Rxh2+ 32. Kxh2 Qf2+ 33. Kh3 Rh5+ 34.
Kg4 Rg5+ 0-1

[Event "Baltic Sea Cup"]
[Site "Ronne"]
[Date "2007.08.05"]
[Round "9.47"]
[White "Zachariassen, John"]
[Black "Skogli, Pal"]
[Result "1-0"]
[WhiteElo "1939"]
[BlackElo "1634"]
[PlyCount "63"]
[EventDate "2007.??.??"]
[EventType "swiss"]
[EventRounds "9"]
[EventCountry "DEN"]
[SourceDate "2005.12.01"]
[WhiteTeam "Denmark"]
[BlackTeam "Denmark"]
[WhiteTeamCountry "DEN"]
[BlackTeamCountry "DEN"]

1. c4 e5 2. g3 Nf6 3. Bg2 Bc5 4. Nc3 O-O 5. d3 Re8 6. Nf3 d5 7. cxd5 Nxd5 8.
O-O c6 9. Qb3 Nxc3 10. bxc3 Nd7 11. Ng5 Qe7 12. a4 h6 13. Ne4 Kh8 14. Nxc5 Nxc5
15. Qc2 Ne6 16. a5 Bd7 17. e4 Qf6 18. f4 exf4 19. gxf4 Nc7 20. Bb2 Qh4 21. c4
Bg4 22. Qd2 Rad8 23. Qe3 Ne6 24. d4 a6 25. Bc3 Rd7 26. Ra2 Red8 27. Rd2 Kg8 28.
h3 Bh5 29. f5 Ng5 30. Rf4 Nf3+ 31. Qxf3 Qg5 32. Qf2 1-0